000 01340nam a22002777a 4500
001 EPSA 0247
003 gtcocun
005 20250918183814.0
006 a||||gr|||| 00| 0
007 ta
008 250918b2023 gt ||||| m||| 00| 0 eng d
040 _agtcocun
_bSPA
_cgtcocun
_eRDA
041 _aSPA EPSA 0247
084 _0EPSA 0247
100 _aBotzoc Xoy, José Efrain
_eAutor
245 _aINFORME FINAL DEL EJERCICIO PROFESIONAL SUPERVISADO REALIZADO EN RESTAURANTE CASA MOKCAR, SAN JUAN CHAMELCO, ALTA VERAPAZ./
_cJosé Efrain Botzoc Xoy.
_hImpreso
264 _aCobán, Alta Verapaz:
_bUniversidad de San Carlos de Guatemala, Centro Universitario del Norte, Licenciatura en Administración de Empresas
_c2023
300 _a39 p.:
_bIlustraciones, gráficas.
_c28 cm;
502 _eEPSA 0247
502 _aEjercicio Profesional Supervisado
_bLicenciatura en Administración de Empresas,
_cUniversidad de San Carlos de Guatemala, Centro Universitario del Norte, Licenciatura en Administración de Empresas
_d2023
_oEPSA 0247
650 _2LEMB
_aSan Juan Chamelco, Alta Verapaz.
_xAdministración
_xDiagnostico
_xPlan de trabajo
_xEjecución
_xConclusiones
700 _eAsesor
856 _uSin archivo en línea.
_zSin archivo en línea.
942 _2ddc
_cTES
_iEPSA 0247
_kClasificación
_n0
_6EPSA_0247_000000000000000
999 _c1957
_d1957